000
00251nam a2200097Ia 4500
001
1074072
005
20250827002213.0
008
250824s9999 xx 000 0 und d
245
0
_a
İMKANSIZIN İHLALİ
_c
FURKAN ÇALIŞKAN
260
_b
KETEBE YAYINLARI
999
_c
1074072
_d
1074072